Statistics for Cleveland Show characters

Click here to take the quiz!

General Stats

  • This quiz has been taken 123 times
  • The average score is 4 of 6

Answer Stats

HintAnswer% Correct
HimselfCleveland
100%
WifeDonna
83%
StepsonRallo
73%
StepdaughterRoberta
71%
SonJunior
65%
FriendLester
46%

Score Distribution

Percentile by Number Answered

Percent of People with Each Score

Your Score History

You have not taken this quiz